Hikayat Panca Tanderan

Bibliographic Details
Format: Book
Published: Kuala Lumpur : Jade Green Publications , 1996
Subjects:

MARC

LEADER 00000cam a2200000 7i4500
001 0000009528
002 000010383
005 20000330.0
020 |a 9839293117 
090 0 0 |a JF   |b HIK 
245 1 0 |a Hikayat Panca Tanderan   |c diceritakan semula oleh Badrul Risham Naruddin 
260 |a Kuala Lumpur :   |b Jade Green Publications ,   |c 1996 
300 |a 97p. :   |b ill. ;   |c 21cm. 
650 0 0 |a Children's stories, Malay 
999 |a 051650   |b BUKU   |c PINJAMAN   |e PERPUSTAKAAN KOMUNITI PETALING JAYA